Библиографический указатель научных трудов кафедры общего образования и развития человека МААН и ПАНИ, 1997-2003 (Запись № 1056337)
[ простой вид ]
| 000 -МАРКЕР | |
|---|---|
| контрольное поле | 01740nam0a2200301 4500 |
| 001 - ИДЕНТИФИКАТОР ЗАПИСИ | |
| контрольное поле | RU\NLR\bibl\790804 |
| 005 - ИДЕНТИФИКАТОР ВЕРСИИ | |
| контрольное поле | 20260407113130.0 |
| 021 ## - НОМЕР ГОСУДАРСТВЕННОЙ РЕГИСТРАЦИИ | |
| Код страны | российская федерация |
| Номер | 2005-1475 |
| Номер Листа государственной регистраци | 76 |
| 035 ## - ДРУГИЕ СИСТЕМНЫЕ НОМЕРА | |
| Идентификатор записи | (NLR Aleph) 000780047 |
| 100 ## - ДАННЫЕ ОБЩЕЙ ОБРАБОТКИ | |
| Данные общей обработки | 20050421d2004 |||y0rusy50 ca |
| 101 0# - ЯЗЫК РЕСУРСА | |
| Язык текста, звукозаписи и т.д. | русский |
| 102 ## - СТРАНА ПУБЛИКАЦИИ ИЛИ ПРОИЗВОДСТВА | |
| Страна публикации | российская федерация |
| 105 ## - ПОЛЕ КОДИРОВАННЫХ ДАННЫХ: ТЕКСТОВЫЕ МАТЕРИАЛЫ, МОНОГРАФИЧЕСКИЕ | |
| Кодированные данные о монографическом текстовом документе | y ||||||||| |
| 200 1# - ЗАГЛАВИЕ И СВЕДЕНИЯ ОБ ОТВЕТСТВЕННОСТИ | |
| Основное заглавие | Библиографический указатель научных трудов кафедры общего образования и развития человека МААН и ПАНИ, 1997-2003 |
| Первые сведения об ответственности | Петр. акад. наук и искусств, Междунар. акад. акмеол. наук, Междунар. слав. акад. наук и искусств, Академ. каф. общ. образования и развития человека МААН И ПАНИ, Фонд "Ун-т развития" |
| 210 ## - ПУБЛИКАЦИЯ, РАСПРОСТРАНЕНИЕ И ДР. | |
| Место издания, распространения и т.д. | Санкт-Петербург |
| Имя издателя, распространителя и т. д. | Академическая кафедра общего образования МААН и ПАНИ |
| Дата издания, распространения и т.д. | 2004 |
| 215 ## - ФИЗИЧЕСКАЯ ХАРАКТЕРИСТИКА | |
| Специфическое обозначение материала и объем | 36 с. |
| Размеры | 21 |
| 606 1# - НАИМЕНОВАНИЕ ТЕМЫ КАК ПРЕДМЕТ | |
| Наименование темы | Педагогика |
| Формальный подзаголовок | Библиография |
| Системный номер авторитетной/нормативной записи | 921924 |
| Идентификатор авторитетной/нормативной записи | RU\NLR\auth\6619222 |
| 606 1# - НАИМЕНОВАНИЕ ТЕМЫ КАК ПРЕДМЕТ | |
| Наименование темы | Педагогическая психология |
| Формальный подзаголовок | Библиография |
| Системный номер авторитетной/нормативной записи | 1006945 |
| Идентификатор авторитетной/нормативной записи | RU\NLR\auth\6665004 |
| 686 ## - ИНДЕКСЫ ДРУГИХ КЛАССИФИКАЦИЙ | |
| Индекс | Ч30я1 |
| 686 ## - ИНДЕКСЫ ДРУГИХ КЛАССИФИКАЦИЙ | |
| Индекс | Ю940.9я1 |
| 686 ## - ИНДЕКСЫ ДРУГИХ КЛАССИФИКАЦИЙ | |
| Индекс | Ю984.0я1 |
| 710 02 - НАИМЕНОВАНИЕ ОРГАНИЗАЦИИ - ПЕРВИЧНАЯ ОТВЕТСТВЕННОСТЬ | |
| Код отношения | Автор |
| Начальный элемент ввода | Академическая кафедра общего образования и развития человека МААН и ПАНИ |
| Идентифицирующий признак | Санкт-Петербург |
| Идентификатор авторитетной/нормативной записи | RU\NLR\AUTH\8810065175 |
| Системный номер авторитетной/нормативной записи | 631940 |
| 801 #0 - ИСТОЧНИК ЗАПИСИ | |
| Страна | российская федерация |
| Организация | NLR |
| Дата составления | 20050421 |
| Правила каталогизации | PSBO |
| 801 #1 - ИСТОЧНИК ЗАПИСИ | |
| Страна | российская федерация |
| Организация | NLR |
| Дата составления | 20050421 |
| 942 ## - ДОПОЛНИТЕЛЬНЫЕ ЭЛЕМЕНТЫ ЗАПИСИ (АБИС) | |
| Тип экземпляра АБИС | Книга |
| 980 ## - КОЛЛЕКЦИЯ | |
| Название коллекции | Национальная библиография |
| Тип экземпляра | Дата поступления | Источник поступления | Библиотека постоянного хранения | Библиотека текущего хранения | Место хранения | Шифр хранения | Штрих-код | Статус не для выдачи | Стоимость |
|---|---|---|---|---|---|---|---|---|---|
| Книга | 21.04.2005 | Обязательный экземпляр | РНБ (Московский) | РНБ (Московский) | Центральная справочная библиотека | С 2005-2/180 | 1-906240 | ||
| Книга | 12.02.2015 | Дар | РНБ (Московский) | РНБ (Московский) | Центральная справочная библиотека | С 2005-2/180 | 1-650003 | 50.00 |